Schaum's outline of theory and problems of differential equations (Record no. 9581)

000 -LEADER
fixed length control field 00549nam a22002057a 4500
001 - CONTROL NUMBER
control field 9581
003 - CONTROL NUMBER IDENTIFIER
control field BD-DhUET
008 - FIXED-LENGTH DATA ELEMENTS--GENERAL INFORMATION
fixed length control field 150131b xxu||||| |||| 00| 0 eng d
020 ## - INTERNATIONAL STANDARD BOOK NUMBER
International Standard Book Number 070026548
040 ## - CATALOGING SOURCE
Transcribing agency DLC
Modifying agency BD-DhUET
082 ## - DEWEY DECIMAL CLASSIFICATION NUMBER
Classification number 517.38
Item number AYR/1952
100 ## - MAIN ENTRY--PERSONAL NAME
Personal name Ayres, Frank
245 ## - TITLE STATEMENT
Title Schaum's outline of theory and problems of differential equations
250 ## - EDITION STATEMENT
Edition statement 2nd ed.
260 ## - PUBLICATION, DISTRIBUTION, ETC. (IMPRINT)
Place of publication, distribution, etc. New York
Name of publisher, distributor, etc. McGraw-Hill
Date of publication, distribution, etc. 1952
300 ## - PHYSICAL DESCRIPTION
Extent iv, 296 p.
490 ## - SERIES STATEMENT
Series statement Shaum's Outline Series
650 #0 - SUBJECT ADDED ENTRY--TOPICAL TERM
Topical term or geographic name as entry element Differential equation- Mathematics
942 ## - ADDED ENTRY ELEMENTS (KOHA)
Koha item type General Book
Holdings
Koha date last seen Koha date last borrowed Koha item type Price effective from Koha issues (times borrowed) Source of classification or shelving scheme Lost status Not for loan Sublocation or collection (holding branch) Koha full call number Piece designation (barcode) Withdrawn status Location (home branch) Damaged status Shelving location Koha normalized classification for sorting Date acquired Copy number
2017-04-092016-04-23General Book2015-01-312   Central Library, BUET517.2/AYR/195231528 Central Library, BUET Circulation section517_200000000000000_AYR_19522015-01-311
2023-11-192023-06-21General Book2015-01-315   Central Library, BUET517.2/AYR/195231529 Central Library, BUET Circulation section517_200000000000000_AYR_19522015-01-312
2017-02-152015-02-24General Book2015-02-241   Central Library, BUET517.2/AYR/195231517 Central Library, BUET Circulation section517_200000000000000_AYR_19522015-02-243
2015-04-09 General Book2015-04-09    Central Library, BUET517.38/AYR/19528706 Central Library, BUET Circulation section517_380000000000000_AYR_19522015-04-094
2015-04-09 General Book2015-04-09    Central Library, BUET517.38/AYR/195237566 Central Library, BUET Circulation section517_380000000000000_AYR_19522015-04-096
2015-04-11 General Book2015-04-11    Central Library, BUET517.38/AYR/195231543 Central Library, BUET Circulation section517_380000000000000_AYR_19522015-04-117
2015-04-11 General Book2015-04-11    Central Library, BUET517.38/AYR/195231547 Central Library, BUET Circulation section517_380000000000000_AYR_19522015-04-118
2015-04-11 General Book2015-04-11    Central Library, BUET517.38/AYR/195231540 Central Library, BUET Circulation section517_380000000000000_AYR_19522015-04-119
2015-07-09 Reading Item2015-07-09    Central Library, BUET517.38/AYR/195231511 Central Library, BUET Reading section517_380000000000000_AYR_19522015-07-0910